[Event "Turkey Cup 2020"]
[Site "Antalya-Belek"]
[Date "2020.02.01"]
[Round "10.15"]
[White "Kilic, Eray"]
[Black "Erdogan, Anil Berk"]
[Result "1-0"]
[WhiteElo "2069"]
[BlackElo "2147"]
[Annotator "NA"]
[PlyCount "173"]
[EventDate "2020.01.26"]
[EventType "swiss"]
[EventCountry "TUR"]
[SourceTitle "playchess.com"]
[Source "ChessBase"]
[SourceQuality "1"]

1. Nf3 c5 2. c4 g6 3. Nc3 Bg7 4. g3 Nc6 5. Bg2 e6 6. O-O Nge7 7. d4 Nxd4 8. Nxd4 cxd4 9. Nb5 Qb6 10. e3 d5 11. Nxd4 dxc4 12. Qa4+ Bd7 13. Qxc4 e5 14. Ne2 Bb5 15. Qc2 Rc8 16. Nc3 Bxf1 17. Qa4+ Nc6 18. Bxf1 Qb4 19. Qd1 O-O 20. e4 Rcd8 21. Qg4 f5 22. Qh4 Nd4 23. Kg2 Nc2 24. Bg5 Qxb2 25. Bxd8 Qxc3 26. Rb1 fxe4 27. Be7 Qf3+ 28. Kh3 Rf4 29. Qg5 Rf5 30. Bg2 Qe2 31. Qg4 Qxg4+ 32. Kxg4 h5+ 33. Kh3 Rxf2 34. Bxe4 Ne3 35. Bc5 Re2 36. Bf3 Rf2 37. Bd5+ Nxd5 38. Bxf2 b6 39. Rd1 Nc3 40. Rd8+ Kh7 41. Rd7 Nxa2 42. Rxa7 Nc3 43. Bxb6 Nd5 44. Bc5 Kh6 45. Rd7 Nf6 46. Be3+ Kh7 47. Rb7 Ng4 48. Bc1 Kg8 49. Kg2 Nf6 50. Bb2 Ng4 51. Bc1 Nf6 52. h3 Nd5 53. Kf3 Nc3 54. Bg5 Bf8 55. Rc7 e4+ 56. Kf2 Bg7 57. Rc8+ Kf7 58. Ke3 Ke6 59. g4 hxg4 60. hxg4 Kd5 61. Rd8+ Ke6 62. Bf4 Bf6 63. Rd6+ Ke7 64. Rc6 g5 65. Bg3 Kd7 66. Rd6+ Ke7 67. Ra6 Bh8 68. Be1 Kf7 69. Rc6 Nd5+ 70. Kxe4 Ne7 71. Rc7 Ke6 72. Bb4 Bf6 73. Rc5 Kf7 74. Rc7 Ke6 75. Bxe7 Bxe7 76. Rc6+ Kf7 77. Kf5 Bd8 78. Rd6 Ba5 79. Kxg5 Bb4 80. Ra6 Bd2+ 81. Kf5 Kg7 82. g5 Be3 83. Rc6 Bd2 84. Rc7+ Kg8 85. Kf6 Be3 86. Rc8+ Kh7 87. g6+ 1-0

[Event "Turkey Cup 2020"]
[Site "Antalya-Belek"]
[Date "2020.02.01"]
[Round "10.16"]
[White "Kilic, Efe Mert"]
[Black "Mecit, Emre"]
[Result "1-0"]
[WhiteElo "2247"]
[BlackElo "2019"]
[Annotator "ChessBase"]
[PlyCount "111"]
[EventDate "2020.01.26"]
[EventType "swiss"]
[EventCountry "TUR"]
[SourceTitle "playchess.com"]
[Source "ChessBase"]
[SourceQuality "1"]

1. Nf3 Nf6 2. g3 g6 3. b3 Bg7 4. Bb2 O-O 5. Bg2 c5 6. c4 Nc6 7. O-O d6 8. d4 cxd4 9. Nxd4 Bd7 10. Nc3 Qa5 11. e3 Rfc8 12. Qe2 Rab8 13. Rfd1 a6 14. a4 Qb6 15. Ra3 Bg4 16. f3 Bd7 17. h3 Nb4 18. a5 Qd8 19. g4 Nc6 20. g5 Nh5 21. Nd5 Nxa5 22. Rxa5 Qxa5 23. Nxe7+ Kh8 24. Nxc8 Rxc8 25. f4 Qb6 26. Kh2 Re8 27. Qf2 f6 28. h4 fxg5 29. hxg5 Bg4 30. Rd3 Qc7 31. Bd5 Qd7 32. Qg2 Bf5 33. Nxf5 Qxf5 34. Bxg7+ Nxg7 35. Rc3 b6 36. Bc6 Re7 37. b4 Qb1 38. Ra3 Nf5 39. e4 Nd4 40. Bd5 Qc1 41. Rxa6 Qxf4+ 42. Qg3 Nf3+ 43. Kg2 Qxg3+ 44. Kxg3 Nxg5 45. Kf4 Nf7 46. Rxb6 Kg7 47. Bxf7 Rxf7+ 48. Ke3 Rd7 49. e5 dxe5 50. c5 Rd4 51. c6 Rc4 52. b5 h5 53. Rb7+ Kf6 54. c7 Ke6 55. b6 h4 56. Rb8 1-0

[Event "Turkey Cup 2020"]
[Site "Antalya-Belek"]
[Date "2020.02.01"]
[Round "10.17"]
[White "Soylu, Suat"]
[Black "Sahin, Handenur"]
[Result "1-0"]
[WhiteElo "2329"]
[BlackElo "2024"]
[Annotator "TA"]
[PlyCount "131"]
[EventDate "2020.01.26"]
[EventType "swiss"]
[EventCountry "TUR"]
[SourceTitle "playchess.com"]
[Source "ChessBase"]
[SourceQuality "1"]

1. e4 e5 2. Nf3 Nc6 3. Bb5 Nge7 4. c3 d5 5. d3 dxe4 6. dxe4 Qxd1+ 7. Kxd1 Bg4 8. Nbd2 O-O-O 9. Kc2 f6 10. a4 Be6 11. a5 a6 12. Bc4 Bg8 13. b4 Na7 14. Bxg8 Rxg8 15. h4 Nec6 16. Nc4 Nb5 17. Bd2 Be7 18. h5 Rd7 19. Nh4 Rgd8 20. Be1 Bf8 21. Nf5 Kb8 22. Rh3 Ne7 23. Nxe7 Bxe7 24. Ne3 Rd3 25. Rh1 c6 26. Nd5 R3xd5 27. exd5 cxd5 28. Rd1 d4 29. c4 Nd6 30. Kb3 Rc8 31. c5 Nb5 32. Kc4 f5 33. Kd5 Bf6 34. Ke6 f4 35. h6 Nc7+ 36. Kf7 Ne8 37. hxg7 Bxg7 38. Rxh7 Bf6 39. Kg6 Rc6 40. Kf5 Ng7+ 41. Ke4 Ne6 42. Rh6 Bg7 43. Rh5 Kc7 44. Bd2 Nf8 45. Rxe5 Bxe5 46. Kxe5 Ng6+ 47. Kd5 Rf6 48. Rh1 Kd7 49. Rh7+ Ne7+ 50. Kxd4 Ke6 51. Ke4 Rg6 52. Kf3 Rf6 53. Bxf4 Nd5 54. g3 Nxb4 55. Rxb7 Nc6 56. Ke4 Rf5 57. Be3 Re5+ 58. Kf4 Rf5+ 59. Kg4 Rf8 60. Rb6 Kd5 61. Rxa6 Ne5+ 62. Kh3 Ke4 63. Kg2 Nf3 64. Re6+ Kd3 65. Bf4 Nd4 66. Rb6 1-0

[Event "Turkey Cup 2020"]
[Site "Antalya-Belek"]
[Date "2020.02.01"]
[Round "10.18"]
[White "Makaraci, Tunahan"]
[Black "Ozer, Omer Faruk"]
[Result "1-0"]
[WhiteElo "2029"]
[BlackElo "2338"]
[Annotator "TA RC"]
[PlyCount "109"]
[EventDate "2020.01.26"]
[EventType "swiss"]
[EventCountry "TUR"]
[SourceTitle "playchess.com"]
[Source "ChessBase"]
[SourceQuality "1"]

1. e4 g6 2. d4 Bg7 3. Nc3 d6 4. Bc4 a6 5. a4 e6 6. Nf3 b6 7. O-O h6 8. Ne2 Ne7 9. c3 O-O 10. Ng3 Nd7 11. Be3 Bb7 12. Qd2 Kh7 13. h4 Nf6 14. Bd3 d5 15. e5 Ng4 16. b4 a5 17. b5 c6 18. bxc6 Bxc6 19. Rfb1 Nf5 20. Nxf5 gxf5 21. Bf4 Rg8 22. g3 Bd7 23. Qe2 Bf8 24. Nh2 Kh8 25. Nf3 Be7 26. Rb3 Kh7 27. Bd2 Rb8 28. Bf4 Qe8 29. Bb5 Bxb5 30. Rxb5 Qc6 31. Bd2 Rg7 32. Rab1 Rbg8 33. Rxb6 Qxa4 34. Bf4 Qd7 35. Rb7 Qd8 36. Ra7 Bf8 37. Rbb7 Qc8 38. Rb3 Qd8 39. Qa6 f6 40. Qxa5 Qe8 41. exf6 Nxf6 42. Be5 Qg6 43. Rbb7 f4 44. Bxf6 Qxf6 45. Rxg7+ Bxg7 46. Qa6 fxg3 47. Qd3+ Kh8 48. fxg3 Rf8 49. Kg2 Kg8 50. h5 Rb8 51. Nh4 e5 52. dxe5 Qxe5 53. Nf5 Bf8 54. Nxh6+ Bxh6 55. Qh7+ 1-0

[Event "Turkey Cup 2020"]
[Site "Antalya-Belek"]
[Date "2020.02.01"]
[Round "10.19"]
[White "Dolgun, Can"]
[Black "Can, Furkan"]
[Result "1/2-1/2"]
[WhiteElo "2266"]
[BlackElo "1980"]
[Annotator "NA"]
[PlyCount "202"]
[EventDate "2020.01.26"]
[EventType "swiss"]
[EventCountry "TUR"]
[SourceTitle "playchess.com"]
[Source "ChessBase"]
[SourceQuality "1"]

1. e4 e5 2. Nf3 Nf6 3. Nxe5 d6 4. Nf3 Nxe4 5. c4 Be7 6. d4 O-O 7. Bd3 Ng5 8. Nc3 Re8 9. Kf1 Nxf3 10. Qxf3 c6 11. h4 Nd7 12. Bg5 Nf8 13. Be3 Qd7 14. g3 Qg4 15. Be2 Qxf3 16. Bxf3 Bf5 17. Kg2 a6 18. Rhd1 h6 19. b4 d5 20. c5 Ne6 21. a4 Bf6 22. Ra3 g5 23. hxg5 hxg5 24. g4 Bg6 25. Ne2 Kg7 26. Rda1 Nc7 27. Ng3 Ne6 28. Rd1 Rh8 29. Ne2 Rh4 30. Rh1 Rah8 31. Rxh4 Rxh4 32. b5 axb5 33. axb5 Rh8 34. b6 Bc2 35. Ra7 Rb8 36. Ra2 Bd3 37. Ra4 Bb5 38. Rb4 Bxe2 39. Bxe2 Ra8 40. Bd1 Kf8 41. Ba4 Ke7 42. Kf1 Kd7 43. Ke2 Bg7 44. Kd3 Bf6 45. Bd1 Ra3+ 46. Kd2 Ra1 47. Bc2 Kd8 48. Bf5 Ra2+ 49. Kc1 Kd7 50. Kb1 Ra8 51. Kc2 Ke7 52. Kb3 Ra1 53. Kb2 Ra8 54. Kb1 Ra5 55. Kc1 Ra1+ 56. Kd2 Ra2+ 57. Bc2 Kd7 58. Kd3 Ra3+ 59. Bb3 Ra1 60. Ba4 Rg1 61. f3 Rf1 62. Ke2 Ra1 63. Kd2 Ra2+ 64. Kc1 Ra1+ 65. Kd2 Ra2+ 66. Bc2 Ra1 67. Kd3 Ra3+ 68. Kd2 Nf4 69. Bxf4 gxf4 70. Bb3 Ra1 71. Bd1 Ra2+ 72. Kd3 Ra1 73. Bc2 Ra3+ 74. Bb3 Ra1 75. Ra4 Rxa4 76. Bxa4 Bg7 77. Kc3 Bf6 78. Bc2 Bg7 79. Bh7 Bf6 80. Bf5+ Kd8 81. Kd3 Bh4 82. Bh7 f6 83. Ke2 Bg3 84. Bf5 Bh4 85. Kf1 Bg3 86. Bd3 Bh4 87. Ke2 Bg3 88. Bc2 Bh4 89. Ba4 Kd7 90. Bc2 Bg3 91. Bf5+ Kd8 92. Be6 Bh4 93. Bf5 Bg3 94. Bg6 Bh2 95. Kd3 Bg1 96. Bf5 Bf2 97. Bg6 Be3 98. Bf5 Bf2 99. Bg6 Bg1 100. Bf5 Bf2 101. Bg6 Bg1 1/2-1/2

[Event "Turkey Cup 2020"]
[Site "Antalya-Belek"]
[Date "2020.02.01"]
[Round "10.20"]
[White "Demircin, Kasim"]
[Black "Aydincelebi, Kagan"]
[Result "1/2-1/2"]
[WhiteElo "1915"]
[BlackElo "2249"]
[Annotator "ChessBase"]
[PlyCount "145"]
[EventDate "2020.01.26"]
[EventType "swiss"]
[EventCountry "TUR"]
[SourceTitle "playchess.com"]
[Source "ChessBase"]
[SourceQuality "1"]

1. Nf3 c5 2. g3 Nc6 3. c4 Nf6 4. Nc3 d5 5. cxd5 Nxd5 6. Bg2 Nc7 7. O-O e5 8. d3 Be7 9. Be3 Rb8 10. Rc1 O-O 11. Qa4 Bd7 12. Nd2 Nd4 13. Qd1 Kh8 14. Nce4 Nce6 15. Nb3 Ba4 16. Bxd4 exd4 17. f4 f5 18. Ned2 g5 19. Nc4 gxf4 20. gxf4 Rg8 21. Ne5 Rg7 22. Kh1 Bd6 23. Qe1 Bxe5 24. fxe5 Rxg2 25. Kxg2 Bc6+ 26. Kg1 Qd5 27. Rf3 Rg8+ 28. Kf1 f4 29. Qh4 Qxe5 30. Rf2 b6 31. Nd2 Qe3 32. Rd1 Ng5 33. Nf3 Bxf3 34. exf3 Rg6 35. Qh5 Kg7 36. Re2 Qxf3+ 37. Qxf3 Nxf3 38. Re7+ Kf6 39. Rxh7 a5 40. Rb7 Nxh2+ 41. Kf2 Ng4+ 42. Kf3 Ne5+ 43. Ke4 Ng4 44. Rxb6+ Kf7 45. Rb7+ Kf8 46. Kxf4 Nf2 47. Rd2 Nh3+ 48. Kf5 Rg3 49. Kf6 Ke8 50. Kf5 Kd8 51. Ra7 Kc8 52. Rxa5 Kd7 53. Ke4 Kc6 54. a4 Re3+ 55. Kf5 Rf3+ 56. Kg4 Rxd3 57. Rh2 Ng1 58. Rh6+ Kd5 59. Rh5+ Ke4 60. Raxc5 Rd2 61. Rce5+ Kd3 62. b4 Rg2+ 63. Kf5 Nf3 64. Rh3 Rg5+ 65. Kf4 Rxe5 66. Rxf3+ Re3 67. b5 Rxf3+ 68. Kxf3 Kc2 69. b6 d3 70. b7 d2 71. b8=Q d1=Q+ 72. Kf2 Qd4+ 73. Kg3 1/2-1/2

[Event "Turkey Cup 2020"]
[Site "Antalya-Belek"]
[Date "2020.02.01"]
[Round "10.21"]
[White "Oney, Adil Feridun"]
[Black "Ibik, Halit Yavuz"]
[Result "0-1"]
[WhiteElo "2041"]
[BlackElo "1952"]
[Annotator "NA"]
[PlyCount "46"]
[EventDate "2020.01.26"]
[EventType "swiss"]
[EventCountry "TUR"]
[SourceTitle "playchess.com"]
[Source "ChessBase"]
[SourceQuality "1"]

1. g3 d5 2. Bg2 Nf6 3. d3 c6 4. Nd2 e5 5. h3 Bd6 6. a3 Nbd7 7. b3 O-O 8. e3 Re8 9. Ne2 Qe7 10. Bb2 h6 11. Nf1 e4 12. d4 b5 13. Nf4 a5 14. Nh2 a4 15. b4 Bxb4+ 16. axb4 Qxb4+ 17. Qd2 Qxb2 18. O-O Nb6 19. Rfb1 Nc4 20. Qe1 Qxc2 21. Nf1 a3 22. Ne2 Qa4 23. Nc1 Be6 0-1

[Event "Turkey Cup 2020"]
[Site "Antalya-Belek"]
[Date "2020.02.01"]
[Round "10.22"]
[White "Gokbulut, Julia"]
[Black "Ozsoy, Alimert"]
[Result "1/2-1/2"]
[WhiteElo "1989"]
[BlackElo "2211"]
[Annotator "ChessBase"]
[PlyCount "44"]
[EventDate "2020.01.26"]
[EventType "swiss"]
[EventCountry "TUR"]
[SourceTitle "playchess.com"]
[Source "ChessBase"]
[SourceQuality "1"]

1. d4 d5 2. c4 c6 3. cxd5 cxd5 4. Nf3 Nc6 5. Bf4 Nf6 6. Nc3 Bf5 7. Qb3 Na5 8. Qa4+ Bd7 9. Qc2 e6 10. e3 Rc8 11. Bd3 Be7 12. O-O O-O 13. Qe2 Nh5 14. Be5 f5 15. Rac1 Nf6 16. Bxf6 Bxf6 17. Bb5 Nc6 18. a3 a6 19. Bxc6 Bxc6 20. Ne5 Bxe5 21. dxe5 Qb6 22. Qd2 Bb5 1/2-1/2

[Event "Turkey Cup 2020"]
[Site "Antalya-Belek"]
[Date "2020.02.01"]
[Round "10.23"]
[White "Ozkan, Ervin"]
[Black "Danaci, Ege"]
[Result "1-0"]
[WhiteElo "2185"]
[BlackElo "1974"]
[Annotator "ChessBase"]
[PlyCount "83"]
[EventDate "2020.01.26"]
[EventType "swiss"]
[EventCountry "TUR"]
[SourceTitle "playchess.com"]
[Source "ChessBase"]
[SourceQuality "1"]

1. d4 d5 2. Nf3 Nf6 3. c4 c6 4. cxd5 cxd5 5. Nc3 Nc6 6. Bf4 Bf5 7. Rc1 Rc8 8. e3 Qb6 9. Bd3 Bxd3 10. Qxd3 Qxb2 11. O-O Qa3 12. Qb5 Qa6 13. Qxa6 bxa6 14. Na4 g5 15. Bg3 Nd7 16. Rc3 Rg8 17. Rfc1 Rg6 18. Ne5 Ndxe5 19. Bxe5 f6 20. Bg3 f5 21. Be5 Kf7 22. Nb2 Bg7 23. Bxg7 Kxg7 24. Nd3 a5 25. a3 h5 26. g3 h4 27. gxh4 gxh4+ 28. Kf1 h3 29. Ke2 Re6 30. Ne5 Nxe5 31. Rxc8 Ng4 32. R8c6 Re4 33. Rg1 Kf7 34. Rg3 e5 35. dxe5 Nxe5 36. Rc7+ Kf6 37. Rxh3 d4 38. Rh6+ Kg5 39. Rd6 d3+ 40. Kd1 Kg4 41. Rd4 Kf3 42. Rc5 1-0

[Event "Turkey Cup 2020"]
[Site "Antalya-Belek"]
[Date "2020.02.01"]
[Round "10.24"]
[White "Ersahin, Bulent"]
[Black "Iren, Muhammet Kaan"]
[Result "1/2-1/2"]
[WhiteElo "2121"]
[BlackElo "1698"]
[Annotator "ChessBase"]
[PlyCount "120"]
[EventDate "2020.01.26"]
[EventType "swiss"]
[EventCountry "TUR"]
[SourceTitle "playchess.com"]
[Source "ChessBase"]
[SourceQuality "1"]

1. e4 c5 2. Nf3 Nc6 3. d4 cxd4 4. Nxd4 Nf6 5. Nc3 e5 6. Ndb5 d6 7. Bg5 a6 8. Na3 b5 9. Bxf6 gxf6 10. Nd5 f5 11. c3 Bg7 12. exf5 Bxf5 13. Nc2 O-O 14. Nce3 Be6 15. Bd3 f5 16. Qh5 e4 17. Bc2 Ne7 18. Rd1 Rc8 19. O-O Rc5 20. Bb3 Kh8 21. Nf4 Bxb3 22. axb3 Rf6 23. b4 Rc6 24. Ned5 Nxd5 25. Rxd5 Qf8 26. Rxf5 Rxf5 27. Ng6+ Kg8 28. Qxf5 Qxf5 29. Ne7+ Kf7 30. Nxf5 Be5 31. f3 exf3 32. Rxf3 Ke6 33. g4 Rc4 34. h3 d5 35. Rd3 Re4 36. Kf2 h5 37. Kf3 Rf4+ 38. Ke2 hxg4 39. hxg4 Rxg4 40. Ne3 Rh4 41. Rxd5 Rh2+ 42. Kd3 Rxb2 43. Rd8 Bf6 44. Re8+ Kd7 45. Ra8 Ra2 46. Ng4 Be7 47. Ne3 Bg5 48. Nc2 Kc7 49. Rg8 Bf6 50. Rg6 Be5 51. Re6 Bd6 52. Nd4 Ra1 53. Ke4 Re1+ 54. Kd5 Rxe6 55. Nxe6+ Kd7 56. Nd4 Be7 57. Nf5 Bf6 58. Nd4 Kc7 59. Kc5 Be7+ 60. Kd5 Bf6 1/2-1/2

[Event "Turkey Cup 2020"]
[Site "Antalya-Belek"]
[Date "2020.02.01"]
[Round "10.25"]
[White "Erdogan, Atakan"]
[Black "Can, Melih Kaan"]
[Result "0-1"]
[WhiteElo "1901"]
[BlackElo "2138"]
[Annotator "ChessBase"]
[PlyCount "123"]
[EventDate "2020.01.26"]
[EventType "swiss"]
[EventCountry "TUR"]
[SourceTitle "playchess.com"]
[Source "ChessBase"]
[SourceQuality "1"]

1. d4 d5 2. c4 c6 3. Nc3 Nf6 4. Bg5 e6 5. cxd5 exd5 6. e3 Bf5 7. Bd3 Bxd3 8. Qxd3 Nbd7 9. Nge2 Bd6 10. h3 O-O 11. O-O Re8 12. f4 Qb6 13. b3 Ne4 14. Nxe4 Rxe4 15. Nc3 Ree8 16. Rf3 h6 17. Bh4 Be7 18. Qf5 Bxh4 19. Qxd7 Re7 20. Qg4 Bf6 21. Kh2 Rae8 22. Qg3 Qa6 23. Rd1 b5 24. Qf2 Qa5 25. Rd3 Qa3 26. Qc2 Qd6 27. Ne2 a5 28. Ng3 g6 29. Rc3 Rc7 30. Rc5 Kg7 31. Kh1 Qd7 32. Qd2 Be7 33. Rc2 a4 34. bxa4 bxa4 35. Qd3 f5 36. Ne2 Rb8 37. Rf1 a3 38. Ng1 Qe6 39. Nf3 Qe4 40. Qxe4 fxe4 41. Ne5 Rb2 42. Rfc1 Rxc2 43. Rxc2 c5 44. Kg1 c4 45. Kf2 Rb7 46. Ke2 Rb1 47. Ng4 Bb4 48. Nh2 Be1 49. Nf1 c3 50. g4 Kf6 51. Nh2 h5 52. Nf1 h4 53. g5+ Ke6 54. Nh2 Bg3 55. Rxc3 Rb2+ 56. Kd1 Rxh2 57. Rxa3 Rxh3 58. Ra6+ Kf7 59. Ra7+ Ke6 60. Ra6+ Kf5 61. Rf6+ Kg4 62. f5 0-1

[Event "Turkey Cup 2020"]
[Site "Antalya-Belek"]
[Date "2020.02.01"]
[Round "10.26"]
[White "Gallevci, Yagiz"]
[Black "Erdogmus, Yagiz Kaan"]
[Result "0-1"]
[WhiteElo "2186"]
[BlackElo "1866"]
[Annotator "ChessBase"]
[PlyCount "76"]
[EventDate "2020.01.26"]
[EventType "swiss"]
[EventCountry "TUR"]
[SourceTitle "playchess.com"]
[Source "ChessBase"]
[SourceQuality "1"]

1. e4 c5 2. Nf3 e6 3. d4 cxd4 4. Nxd4 Nf6 5. Nc3 Nc6 6. Nxc6 bxc6 7. e5 Nd5 8. Ne4 Qc7 9. f4 Qa5+ 10. Bd2 Qb6 11. Bd3 Be7 12. Qe2 O-O 13. c4 Nb4 14. Bb1 Ba6 15. a3 Nd5 16. Bd3 Qxb2 17. O-O Qd4+ 18. Nf2 Nxf4 19. Qg4 Bc5 20. Qxf4 Qxd3 21. Kh1 Qf5 22. Qg3 Bxc4 23. Ng4 Qg6 24. Rf4 Be2 25. Re1 f5 26. exf6 Bxg4 27. f7+ Rxf7 28. Rxg4 Qc2 29. Bc3 Bf8 30. h4 Qf2 31. Qe5 Qf5 32. Qg3 g6 33. Ree4 Qd5 34. Rxg6+ hxg6 35. Qxg6+ Bg7 36. Rg4 Qf5 37. h5 Qxg6 38. Rxg6 Kh7 0-1

[Event "Turkey Cup 2020"]
[Site "Antalya-Belek"]
[Date "2020.02.01"]
[Round "10.27"]
[White "Kalemler, Kaan"]
[Black "Bacak, Muhammed Kaan"]
[Result "1-0"]
[WhiteElo "1841"]
[BlackElo "2158"]
[Annotator "ChessBase"]
[PlyCount "65"]
[EventDate "2020.01.26"]
[EventType "swiss"]
[EventCountry "TUR"]
[SourceTitle "playchess.com"]
[Source "ChessBase"]
[SourceQuality "1"]

1. e4 c5 2. Nf3 e6 3. d4 cxd4 4. Nxd4 a6 5. Bd3 Bc5 6. Nb3 Ba7 7. Qe2 d6 8. Be3 Nf6 9. Nc3 Nc6 10. Bxa7 Rxa7 11. O-O-O O-O 12. f4 Qc7 13. Rhe1 Nd7 14. Qh5 Nf6 15. Qe2 e5 16. f5 b5 17. g4 b4 18. g5 bxc3 19. gxf6 cxb2+ 20. Kb1 Qd8 21. fxg7 Kxg7 22. Bc4 Kh8 23. Qd2 Rd7 24. Qh6 f6 25. Rg1 Rdf7 26. Rg6 d5 27. Rxd5 Qe7 28. Rc5 Bb7 29. Bxf7 Rxf7 30. Rc3 Qf8 31. Qxf8+ Rxf8 32. Rg4 Rd8 33. Nc5 1-0

[Event "Turkey Cup 2020"]
[Site "Antalya-Belek"]
[Date "2020.02.01"]
[Round "10.28"]
[White "Aslanhan, Halis"]
[Black "Kul, Ozdemir Efe"]
[Result "0-1"]
[WhiteElo "1774"]
[BlackElo "1979"]
[Annotator "NA"]
[PlyCount "70"]
[EventDate "2020.01.26"]
[EventType "swiss"]
[EventCountry "TUR"]
[SourceTitle "playchess.com"]
[Source "ChessBase"]
[SourceQuality "1"]

1. e4 c5 2. Nf3 Nc6 3. Bb5 e5 4. O-O Nge7 5. d3 g6 6. Bg5 Bg7 7. Nc3 a6 8. Bc4 b5 9. Bd5 Bb7 10. Qd2 h6 11. Bxc6 Bxc6 12. Be3 d6 13. Ne2 f5 14. exf5 gxf5 15. Qd1 Bxf3 16. gxf3 f4 17. Bd2 Nf5 18. Nc3 Nh4 19. Kh1 Qd7 20. Rg1 Kf7 21. Rg4 h5 22. Rxh4 Bf6 23. Rxf4 exf4 24. Bxf4 Rag8 25. Nd5 Qh3 26. Ne3 Bxb2 27. Rb1 Bd4 28. Qe2 Rg6 29. Bg3 h4 30. Bxd6 Bxe3 31. fxe3 Rxd6 32. Rg1 Rg8 33. Rxg8 Kxg8 34. Qf2 Rg6 35. e4 Rg3 0-1

[Event "Turkey Cup 2020"]
[Site "Antalya-Belek"]
[Date "2020.02.01"]
[Round "10.29"]
[White "Citil, Feyzullah"]
[Black "Caglar, Ahmet Ata"]
[Result "0-1"]
[WhiteElo "1636"]
[BlackElo "2065"]
[Annotator "NA"]
[PlyCount "64"]
[EventDate "2020.01.26"]
[EventType "swiss"]
[EventCountry "TUR"]
[SourceTitle "playchess.com"]
[Source "ChessBase"]
[SourceQuality "1"]

1. e4 c5 2. Nc3 e6 3. Nf3 a6 4. a3 Nc6 5. d4 cxd4 6. Nxd4 d6 7. Be3 Bd7 8. Qd2 Nf6 9. Be2 Rc8 10. Rd1 Be7 11. O-O O-O 12. f4 Nxd4 13. Bxd4 Bc6 14. Qe3 d5 15. e5 Ne8 16. Bd3 Bd7 17. g4 g6 18. f5 Bg5 19. Qf3 exf5 20. gxf5 Ng7 21. fxg6 hxg6 22. Nxd5 Bc6 23. Be4 Ne6 24. Bb6 Qe8 25. c4 Bxd5 26. Bxd5 Nf4 27. Qe4 Nxd5 28. cxd5 Qb5 29. Bd4 Rc4 30. e6 f5 31. Qg2 Rxd4 32. Qxg5 Rg4+ 0-1

[Event "Turkey Cup 2020"]
[Site "Antalya-Belek"]
[Date "2020.02.01"]
[Round "10.30"]
[White "Tepe, Efe Can"]
[Black "Ozcan, Ilker"]
[Result "1-0"]
[WhiteElo "2137"]
[BlackElo "1858"]
[Annotator "ChessBase"]
[PlyCount "91"]
[EventDate "2020.01.26"]
[EventType "swiss"]
[EventCountry "TUR"]
[SourceTitle "playchess.com"]
[Source "ChessBase"]
[SourceQuality "1"]

1. e4 c5 2. Nf3 Nc6 3. d4 cxd4 4. Nxd4 Qb6 5. Nb3 Nf6 6. Nc3 e6 7. Be3 Qc7 8. Bd3 a6 9. O-O Be7 10. f4 d6 11. a3 O-O 12. Qf3 b5 13. Rae1 Bb7 14. Qh3 Rfe8 15. Kh1 Bf8 16. Qg3 Nd7 17. e5 b4 18. Ne4 dxe5 19. fxe5 Ncxe5 20. Ng5 f5 21. Bf4 Bd6 22. axb4 h6 23. Nh3 Nf7 24. Nd4 Nde5 25. Be2 Kh7 26. c4 Bxb4 27. Bh5 Bxe1 28. Rxe1 Be4 29. Bxf7 Qxf7 30. Bxe5 Rac8 31. b3 g5 32. Nf2 Bb7 33. Bd6 Qg6 34. c5 Bd5 35. Qe5 h5 36. Nd3 h4 37. h3 Be4 38. Nf2 Bd5 39. b4 Qh5 40. Qe2 Qg6 41. Nd3 Be4 42. Nf2 Bd5 43. Nd3 Be4 44. Ne5 Qg7 45. Qh5+ Kg8 46. Ndf3 1-0

[Event "Turkey Cup 2020"]
[Site "Antalya-Belek"]
[Date "2020.02.01"]
[Round "10.31"]
[White "Yarar, Muammer Atakan"]
[Black "Kamer, Kayra"]
[Result "1/2-1/2"]
[WhiteElo "1812"]
[BlackElo "2348"]
[Annotator "TA"]
[PlyCount "125"]
[EventDate "2020.01.26"]
[EventType "swiss"]
[EventCountry "TUR"]
[SourceTitle "playchess.com"]
[Source "ChessBase"]
[SourceQuality "1"]

1. d4 Nf6 2. c4 g6 3. Nc3 Bg7 4. e4 d6 5. Be2 O-O 6. Be3 e5 7. d5 c6 8. g4 cxd5 9. cxd5 Qa5 10. f3 Na6 11. a3 Bd7 12. b4 Qd8 13. h4 Rc8 14. Rc1 h5 15. g5 Ne8 16. Nh3 Bxh3 17. Rxh3 f5 18. gxf6 Bxf6 19. Bf2 Be7 20. Qd2 Rf4 21. Bxa7 Rxh4 22. Rxh4 Bxh4+ 23. Kd1 Qd7 24. Be3 Nac7 25. f4 exf4 26. Bxf4 Bf6 27. Qe3 Ra8 28. Qg3 Qg7 29. Nb1 Bb2 30. Rc2 Kh7 31. Bd3 Bd4 32. Rg2 Nf6 33. Rh2 Nce8 34. e5 dxe5 35. Bxe5 Bxe5 36. Qxe5 Kh6 37. Qe6 Nc7 38. Qe3+ g5 39. d6 Ncd5 40. Qd4 Rd8 41. Qe5 Nf4 42. Rd2 Ne8 43. Qxg7+ Kxg7 44. Be4 Nxd6 45. Nc3 Nxe4 46. Nxe4 Rxd2+ 47. Kxd2 Kg6 48. a4 Kf5 49. Nd6+ Kg4 50. b5 h4 51. Ne4 Kf5 52. Ke3 Nd5+ 53. Kd4 Nf6 54. Nf2 g4 55. a5 g3 56. Nh3 Kg4 57. a6 bxa6 58. bxa6 Nd7 59. a7 Nb6 60. Kc5 Na8 61. Ng1 h3 62. Nxh3 Kxh3 63. Kc6 1/2-1/2

[Event "Turkey Cup 2020"]
[Site "Antalya-Belek"]
[Date "2020.02.01"]
[Round "10.32"]
[White "Unat, Can Haktan"]
[Black "Aydogdu, Selcan Ayberk"]
[Result "1/2-1/2"]
[WhiteElo "2257"]
[BlackElo "1940"]
[Annotator "ChessBase"]
[PlyCount "134"]
[EventDate "2020.01.26"]
[EventType "swiss"]
[EventCountry "TUR"]
[SourceTitle "playchess.com"]
[Source "ChessBase"]
[SourceQuality "1"]

1. d4 Nf6 2. Bf4 d5 3. Nc3 a6 4. e3 e6 5. Nf3 Bd6 6. Bd3 b5 7. Ne5 Bb7 8. Qf3 c5 9. O-O cxd4 10. exd4 Nc6 11. Ne2 Nb4 12. c3 Nxd3 13. Nxd3 Be7 14. a4 bxa4 15. Rxa4 Bc6 16. Ra2 Bb5 17. Rfa1 O-O 18. Ne5 Nd7 19. Nc1 Nxe5 20. Bxe5 f6 21. Bg3 e5 22. Qe3 e4 23. b3 f5 24. Be5 Rc8 25. Rc2 Qe8 26. f4 Qh5 27. Na2 a5 28. Re1 Rc6 29. Nc1 Rfc8 30. Qd2 a4 31. bxa4 Bxa4 32. Ra2 Bb5 33. Ra7 Bf8 34. Re3 Ra6 35. Rxa6 Bxa6 36. Nb3 Bd3 37. Re1 Qe8 38. Nc5 Bxc5 39. dxc5 Rxc5 40. Qf2 Rc8 41. Qd4 Qd7 42. Ra1 Qc6 43. Ra7 Qc5 44. Rxg7+ Kf8 45. Qxc5+ Rxc5 46. Rg5 Ra5 47. Rxf5+ Kg8 48. Rg5+ Kf8 49. Kf2 Ra2+ 50. Ke3 Re2+ 51. Kd4 Bc4 52. Rg3 Rd2+ 53. Kc5 Rd3 54. Bd4 Rxg3 55. hxg3 h5 56. Kd6 Kf7 57. f5 Bb3 58. Ke5 Bc4 59. Kf4 Be2 60. Be5 Bg4 61. c4 dxc4 62. Kxe4 Be2 63. Bc3 Bg4 64. Ke5 Bd1 65. Kd4 Be2 66. Ke3 Bg4 67. Kf4 Be2 1/2-1/2

[Event "Turkey Cup 2020"]
[Site "Antalya-Belek"]
[Date "2020.02.01"]
[Round "10.33"]
[White "Gulbeyaz, Emir"]
[Black "Temizer, Umut"]
[Result "1-0"]
[WhiteElo "2121"]
[BlackElo "1927"]
[Annotator "ChessBase"]
[PlyCount "55"]
[EventDate "2020.01.26"]
[EventType "swiss"]
[EventCountry "TUR"]
[SourceTitle "playchess.com"]
[Source "ChessBase"]
[SourceQuality "1"]

1. e4 c5 2. b3 Nf6 3. Nc3 Nc6 4. Bb2 g6 5. f4 Bg7 6. d3 O-O 7. Nf3 b5 8. Qd2 c4 9. e5 b4 10. exf6 bxc3 11. Bxc3 exf6 12. dxc4 Re8+ 13. Be2 Qe7 14. O-O Bb7 15. Rfe1 Qc5+ 16. Kh1 d5 17. b4 Qf2 18. b5 d4 19. Bb2 Ne5 20. fxe5 Bxf3 21. gxf3 Rxe5 22. Bxd4 Rd8 23. Bxf2 Rxd2 24. Rad1 Rxc2 25. Bg3 Re6 26. Bd3 Rc3 27. Rxe6 fxe6 28. Bb8 1-0